=LDR 00000nam 2200000 4500 =001 INLIS000000000007904 =005 20130612095832 =008 ***********************************Ind** =035 ##$$0010-061300000007904 =041 ##$$a Ind =082 ##$$a 001.642 4 =090 ##$$a 001.642 4, Ste b =100 ##$$a Stewart, Ian =245 ##$$a Pelajar program dengan mudah pada sincldir ZX spectrum, Yan Stewart ; alih bahasa, Suryawan =260 ##$$a 1984 $b Jakarta =300 ##$$a vii, 150 hlm, ilus, 21 cm =650 ##$$a Komputer-sinclair ZX spectrum